Score 0/15 Timer 04:00
3 Plays Today
Question Answer % Correct
Patrick Stewart has portrayed what Dickens character multiple times on stage in 'A Christmas Carol'?Ebenezer Scrooge
94.5%
Father Christmas, St. Nick, Papá Noel, & Babbo Natale are all variations of what figure?Santa Claus
89%
The unofficial 'Christmas Truce' during the 1914 holiday season occurred during what war?World War I
85.6%
In 'How the Grinch Stole Christmas!', grinch derives from 'grincheux', found in what language?French
82.4%
Christmas commemorates the birth of Jesus, which according to the gospels occurred in what city?Bethlehem
80.4%
According to Buddy the Elf, 'the best way to spread Christmas cheer is _____ loud for all to hear'?singing
78.8%
Whose 1994 song, 'All I Want for Christmas Is You' finally topped the charts in December 2019?Mariah Carey
73.9%
Based on a Sesame Street character, what was the 'must have' Christmas toy of 1996?Tickle Me Elmo
71.7%
Question Answer % Correct
What NBC comedy included episodes like 'Classy Christmas', 'Christmas Wishes' & 'Dwight Christmas'?The Office
59%
What red & green species of plant is native to Mexico and widely used in Christmas floral displays?poinsettia
58.3%
What sports league has played a Christmas game almost every year since its inception in 1946?NBA
57.4%
'National Lampoon's Christmas Vacation' follows what family's disastrous big family holiday plans?The Griswolds
50.6%
Known primarily for his legal fiction thrillers, who wrote the 2001 novel 'Skipping Christmas'?John Grisham
49.3%
What 17th century English physicist & mathematician was born on Christmas in 1642?Isaac Newton
49%
Discovered on December 25, 1643, Christmas Island is an external territory of what country?Australia
39.4%
Remove Ads.
Support Sporcle.
Get the best of Sporcle when you Go Orange. This ad-free experience offers more features, more stats, and more fun while also helping to support Sporcle. Thank you for becoming a member.

You're not logged in!

Compare scores with friends on all Sporcle quizzes.
OR
Log In

Show Comments

Extras

Top Quizzes Today


Score Distribution

Your Account Isn't Verified!

In order to create a playlist on Sporcle, you need to verify the email address you used during registration. Go to your Sporcle Settings to finish the process.

Report this User

Report this user for behavior that violates our Community Guidelines.

Details: